| 000 | | | 03796nmc2a22000003x 450 |
| 001 | | | a9daa9e6-0bfc-485c-97c5-21fab3d38d6a |
| 005 | | | 20200312021358.0 |
| 100 | ## | $a | 20180607l18821883k l0rusy0189 ca |
| 101 | 0# | $a | rus |
| 102 | ## | $a | RU |
| 200 | 1# | $a | Дело о распространении на учителя Варшавской шестой гимназии Ржига прав и преимуществ чинов русского происхождения, служащих в Царстве Польском |
| | $j | 27 ноября 1882 г. - 10 января 1883 г. |
| 251 | ## | $c | Дело |
| 300 | ## | $a | Дело |
| 801 | #0 | $a | RU |
| | $b | РГИА |
| | $c | 20180607 |
| | $g | RCR |
| 801 | #1 | $a | RU |
| | $b | ГлавНИВЦ |
| | $c | 20180607 |
| | $2 | rusmarc |
| 801 | #2 | $a | RU |
| | $b | ПБ им. Б.Н. Ельцина |
| | $c | 20200312 |
| | $g | RCR |
| | $2 | rusmarc |
| 850 | ## | $a | РГИА |
| 852 | ## | $a | РГИА |
| | $e | Федеральное казенное учреждение "Российский государственный исторический архив" (РГИА) |
| | $j | 906 |
| 937 | ## | $h | РГИА |
| | $d | 12230980 |
| | $a | ASBIBLIO_SCAN |
| 462 | #0 | $1 | 0014f623d04-db1c-458f-af33-83b1e1ca26e7 |
| | $1 | 2001 |
| | $a | Дела разряда средних учебных заведений Департамента народного просвещения за 1873-1882 годы |
| | $1 | 251 |
| | $c | Опись |
| | $1 | 852 |
| | $j | 164 |
| 461 | #0 | $1 | 001a74412a3-3cc5-4d21-8f0a-dfe2fbd9e72d |
| | $1 | 2001 |
| | $a | Департамент народного просвещения Министерства народного просвещения (1803-1917) |
| | $1 | 251 |
| | $c | Фонд |
| | $1 | 852 |
| | $j | 733 |
| 215 | ## | $a | 8 л. |
| | $d | 36,5х26 см |
| 371 | ## | $a | Документ не является опубликованным и широко распространяемым |
| 105 | ## | $a | y### |
| 122 | 2# | $a | d |
| 035 | ## | $a | a9daa9e6-0bfc-485c-97c5-21fab3d38d6a |
| 856 | ## | $u | http://readingroom.main.prlib.ru/item.aspx?id_node=n143491737&mode=full |